Základní pojmy ekonomiky investic studijní texty

Salvato in:
Dettagli Bibliografici
Autore principale: Mlčoch, Jan
Natura: Libro
Lingua:ceco
Pubblicazione: Praha Dům techniky ČSVTS 1984
Tags: Aggiungi Tag
Nessun Tag, puoi essere il primo ad aggiungerne!!

MARC

LEADER 00000nam a2200000 4500
001 c111028
005 20041019155148.6
041 0 |a cze 
044 |a CZ 
245 1 0 |a Základní pojmy ekonomiky investic  |b studijní texty  |c Jan Mlčoch 
264 1 |a Praha  |b Dům techniky ČSVTS  |c 1984 
300 |a 51 s. 
100 1 |a Mlčoch, Jan